书目信息 |
| 题名: |
不准出生的人
|
|
| 作者: | 王颖 著 | |
| 分册: | ||
| 出版信息: | 北京 中国电影出版社 1979 |
|
| 页数: | 104页 | |
| 开本: | 19cm | |
| 丛书名: | ||
| 单 册: | ||
| 中图分类: | I235.17 | |
| 科图分类: | ||
| 主题词: | 电影文学剧本--中国--现代 | |
| 电子资源: | ||
| ISBN: | ||
| 000 | 00586nam0 2200217 45 | |
| 001 | 0179003232 | |
| 005 | 20060819092923.29 | |
| 010 | @dCNY0.30 | |
| 091 | @aCN@b10061.320 | |
| 100 | @a19950719d1979 em y0chiy0121 ea | |
| 101 | 0 | @achi |
| 102 | @aCN@b110000 | |
| 105 | @ay z 000by | |
| 200 | 10 | @a不准出生的人@Abu zhun chu sheng de ren@e电影文学剧本@f王颖著 |
| 210 | @a北京@c中国电影出版社@d1979 | |
| 215 | @a104页@d19cm | |
| 606 | @a电影文学剧本@y中国@z现代 | |
| 690 | @aI235.17@v3 | |
| 701 | 0 | @a王颖@Awang ying@4著 |
| 801 | 0 | @aCN@bTSSF@c20060819 |
| 905 | @a10447@dI235.17@e129 | |
| 不准出生的人:电影文学剧本/王颖著.-北京:中国电影出版社,1979 |
| 104页;19cm |
| ISBN :CNY0.30 |
| ● |
| 相关链接 |
|
|
|
|
正题名:不准出生的人
索取号:I235.17/129
 
预约/预借
| 序号 | 登录号 | 条形码 | 馆藏地/架位号 | 状态 | 备注 |
| 1 | 0426974 | 204269745 | 密集书库/ [索取号:I235.17/129] | 在馆 | |
| 2 | 0427984 | 204279841 | 密集书库/ [索取号:I235.17/129] | 在馆 | |
| 3 | 0469800 | 204698005 | 密集书库/ [索取号:I235.17/129] | 在馆 |